Music Quiz

Random Music or World Quiz
Score 0/9 Timer 02:00
0 Plays Today
Hint State/Country % Correct
'Bout the motherf*ckin' girls from ___________California
91.3%
_________ baby said 'hallelujah'Alabama
78.3%
'Cause I'm down for the state of ___________Pennsylvania
76.1%
Yes I could in the woods of _____________Wisconsin
76.1%
I've been around the world back from _________Bombay
73.9%
You and me girl sittin' in the ________ mountainsSwiss
69.6%
As they do, when they do in __________Sicily
65.2%
Freer then a bird 'cause we're rockin' ________Ohio
56.5%
Mother ________, do not sufferRussia
54.3%

You're not logged in!

Compare scores with friends on all Sporcle quizzes.
OR
Log In

Sporcle TV

Today on Sporcle TV


Watch our educational content, quiz creation guides, and fun videos on Sporcle TV.

Show Comments

Extras

Top Quizzes Today


Score Distribution

Paid Content

Your Account Isn't Verified!

In order to create a playlist on Sporcle, you need to verify the email address you used during registration. Go to your Sporcle Settings to finish the process.

Report this User

Report this user for behavior that violates our Community Guidelines.

Details: